Pre- and postnatal evaluation of offspring rats exposed to Origanum vulgare essential oil during mating, gestation and lactation (Registro n. 328760)
[ somente texto ]
| 000 -LÍDER | |
|---|---|
| fixed length control field | 04602nab a2200373 i 4500 |
| 003 - CÓDIGO MARC DA AGÊNCIA CATALOGADORA | |
| Campo de controle | BR-BrBNA |
| 005 - DATA E HORA DA ÚLTIMA ATUALIZAÇÃO | |
| Campo de controle | 20241121172230.0 |
| 008 - CAMPO DE TAMANHO FIXO | |
| fixed length control field | 241121b2017 bl.mr|pooa||| 00| 0 eng | |
| 040 ## - FONTE DA CATALOGAÇÃO | |
| Agência catalogadora | BR-BrBNA |
| Idioma da catalogação | por |
| 072 ## - CATEGORIA AGRIS | |
| Código AGRIS | L70 |
| Código do objeto | 8830 |
| 072 ## - CATEGORIA AGRIS | |
| Código AGRIS | L53 |
| 100 ## - ENTRADA PRINCIPAL - NOME PESSOAL | |
| Nome pessoal | Hollenbach, Clarissa Boemler |
| 100 ## - ENTRADA PRINCIPAL - NOME PESSOAL | |
| Nome pessoal | Stedile, Rafael |
| 100 ## - ENTRADA PRINCIPAL - NOME PESSOAL | |
| Nome pessoal | Mello, Fabíola Peixoto da Silva |
| 100 ## - ENTRADA PRINCIPAL - NOME PESSOAL | |
| Nome pessoal | Bing, Rafaela Scheer |
| 100 ## - ENTRADA PRINCIPAL - NOME PESSOAL | |
| Nome pessoal | Rosa, Patrícia Pisoni da |
| 100 ## - ENTRADA PRINCIPAL - NOME PESSOAL | |
| Nome pessoal | Rodrigues, Maria Regina Alves |
| 100 ## - ENTRADA PRINCIPAL - NOME PESSOAL | |
| Nome pessoal | Mello, Fernanda Bastos de |
| 100 ## - ENTRADA PRINCIPAL - NOME PESSOAL | |
| Nome pessoal | Zanette, Régis Adriel |
| 100 ## - ENTRADA PRINCIPAL - NOME PESSOAL | |
| Nome pessoal | Mello, João Roberto Braga de |
| 245 ## - TÍTULO PRINCIPAL | |
| Título principal | Pre- and postnatal evaluation of offspring rats exposed to Origanum vulgare essential oil during mating, gestation and lactation |
| 500 ## - NOTA GERAL | |
| Nota geral | Publicação on-line; 22 ref.; 2 tables; Sumaries (En, Pt) |
| 942 ## - ADDED ENTRY ELEMENTS (KOHA) | |
| Koha item type | Analítica |
| 520 ## - NOTA DE RESUMO | |
| Nota de conteúdo | <br/><br/>ABSTRACT - Despite the increasing use of oregano (Origanum vulgare L.) essential oil for therapeutic purposes, pre- and postnatal development of animals offspring exposed to this oil has not yet been evaluated. In line with previous concerns of genotoxicity, in this study adult rats were exposed to different doses of oregano essential oil (3, 9 and 27% vol/vol) during pre-mating, mating, gestation and lactation. Prenatal screening included fetal development and uterine inspection, where the reproductive rate of females such as breeding, pregnancy, delivery, viability and post-implantation loss rate were measured. Postnatal evaluation of rat offspring included motor development, neuroendocrine and behavioral assessment. Body weight of rat dams and signs of dystocia were evaluated daily. Development of physic characteristics and reflex tests of puppies were also assessed. Additionally, these rats, when adults, were submitted to sexual and open field behavioral tests. The main differences among the groups were observed in the indices of mating, pregnancy and post-implantation loss (P<0.01). Results demonstrated that the treatment of parental generation with oregano essential oil has the potential to affect the developing fetuses at the highest dose used, but without causing maternal toxicity and changes in general behavior and development of the progeny.<br/><br/>Key words: oregano, reproductive toxicity, progeny, reproduction, rats. |
| 520 ## - NOTA DE RESUMO | |
| Nota de conteúdo | <br/><br/>RESUMO - Apesar do aumento do uso do óleo essencial de orégano (Origanum vulgare L.) para fins terapêuticos, o desenvolvimento pré e pós-natal da progênie de animais expostos a este óleo ainda não foi avaliado. Partindo das suspeitas prévias de genotoxicidade desse óleo, neste estudo, ratos Wistar adultos foram expostos a diferentes doses do óleo essencial de orégano (3, 9 e 27% vol/vol) durante o casalamento, a gestação e a lactação. Para a avaliação pré-natal, o desenvolvimento gestacional foi observado e os úteros inspecionados, assim como os índices reprodutivos das fêmeas, como a taxa de acasalamento, de gestação, parto e perdas pós-implantação. Na avaliação pós-natal, observou-se o desenvolvimento motor, neuroendócrino e comportamental da prole. Observou-se, diariamente, o peso das ratas e sinais de distocia. Após o parto, as características de desenvolvimento e testes de reflexos dos filhotes foram avaliadas, enquanto que, na puberdade, foram realizadas análises histopatológicas e dosagem hormonal. Adicionalmente, na idade adulta, esses ratos foram submetidos ao teste de comportamento em campo aberto e ao comportamento sexual. As principais diferenças entre os grupos foram nos índices de acasalamento, de gestação e de perdas pós-implantação (P<0,01). Os resultados demonstram que o tratamento da geração parental com óleo essencial de orégano tem potencial para afetar os índices reprodutivos das ratas e o desenvolvimento dos fetos na maior dose utilizada, mas sem causar toxicidade materna e alterações no desenvolvimento geral e comportamental da sua progênie.<br/><br/>Palavras-chave: orégano, toxicidade reprodutiva, progênie, reprodução, ratos. |
| 650 ## - ASSUNTO - THESAGRO | |
| Cabeçalho tópico ou nome geográfico | ANIMAL DE LABORATÓRIO |
| 650 ## - ASSUNTO - THESAGRO | |
| Cabeçalho tópico ou nome geográfico | ORÉGANO |
| 650 ## - ASSUNTO - THESAGRO | |
| Cabeçalho tópico ou nome geográfico | ÓLEO ESSENCIAL |
| 650 ## - ASSUNTO - THESAGRO | |
| Cabeçalho tópico ou nome geográfico | REPRODUÇÃO ANIMAL |
| 650 ## - ASSUNTO - THESAGRO | |
| Cabeçalho tópico ou nome geográfico | VETERINÁRIA |
| 773 0# - ENTRADA ANALÍTICA | |
| Host Biblionumber | 2408 |
| Registro do item | 346527 |
| Imprenta | Santa Maria-RS Universidade Federal de Santa Maria - Centro de Ciências Rurais 1991 |
| Outro identificador | 2024-7198 |
| Título | Ciência Rural (Brazil) |
| ISSN | 0103-8478 Versão online ISSN 1678-4596 |
| Colação | v. 47(1) p. 1 - 6; (2017) |
| Número de controle de registro | BR2024003466 |
| 856 ## - ACESSO E ENDEREÇO ELETRÔNICO | |
| Identificador uniforme de recurso - URI | https://www.scielo.br/j/cr/a/GVNDMnVHK7BtY7N4cCY37qP/?format=pdf&lang=en |
Nenhum exemplar disponível.

BINAGRI